Normal view
MARC view
Entry Personal Name
001 - CONTROL NUMBER
- control field: 157304
003 - CONTROL NUMBER IDENTIFIER
- control field: OSt
005 - DATE AND TIME OF LATEST TRANSACTION
- control field: 20220923211027.0
008 - FIXED-LENGTH DATA ELEMENTS
- fixed length control field: 220923|| aca||aabn | a|a d
040 ## - CATALOGING SOURCE
- Original cataloging agency: OSt
- Transcribing agency: OSt
100 ## - HEADING--PERSONAL NAME
- Personal name: गुप्ता, रमणिका, संपा
670 ## - SOURCE DATA FOUND
- Source citation: Work cat.: (OSt)294128: गुप्ता, रमणिका, संपा., आदिवासी स्वर और नई शताब्दी, 2008
